[Event "Sharjah Blitz op 27th"]
[Site "Sharjah"]
[Date "2022.04.08"]
[Round "8"]
[White "Ali, Sebbar"]
[Black "Ali, Abdulaziz"]
[Result "0-1"]
[WhiteElo "2399"]
[BlackElo "1883"]
[PlyCount "93"]
[EventDate "2022.04.08"]
[EventType "swiss (blitz)"]
[EventRounds "9"]
[EventCountry "UAE"]
[SourceTitle "CBM 207 Extra"]
[Source "ChessBase"]
[SourceDate "2022.05.31"]
[SourceVersion "1"]
[SourceVersionDate "2022.05.31"]
[SourceQuality "1"]

1. d4 Nf6 2. Nf3 d5 3. c4 c6 4. g3 g6 5. Bg2 Bg7 6. 0-0 0-0 7. cxd5 cxd5 8. Nc3 Nc6 9. Bf4 Ne4 10. Rc1 Qb6 11. Na4 Qd8 12. a3 Bf5 13. b4 Rc8 14. h3 h5 15. Nc5 b6 16. Nb3 Qd7 17. Kh2 a5 18. b5 Na7 19. a4 Nc3 20. Qd2 Nxa4 21. Bh6 Qxb5 22. Na1 Qb2 23. Qf4 Nc3 24. Bxg7 Kxg7 25. Rfe1 Kg8 26. Qe5 Nc6 27. Qe3 Nb5 28. Nh4 Qa3 29. Qh6 Nbxd4 30. Bxd5 Qd6 31. Bg2 Nb4 32. Rcd1 Qe5 33. Nxf5 Nxf5 34. Qg5 Qf6 35. Qf4 Qe6 36. e4 Nd6 37. Re3 Nc2 38. Red3 Nxa1 39. Rxa1 Nc4 40. Re1 Ne5 41. Rdd1 a4 42. Qe3 b5 43. f4 Nc4 44. Qf2 Rfd8 45. Rc1 a3 46. f5 Qf6 47. Qf3 0-1

[Event "Sharjah Blitz op 27th"]
[Site "Sharjah"]
[Date "2022.04.08"]
[Round "7"]
[White "Soud, Jaber"]
[Black "Ali, Sebbar"]
[Result "0-1"]
[WhiteElo "1414"]
[BlackElo "2399"]
[PlyCount "64"]
[EventDate "2022.04.08"]
[EventType "swiss (blitz)"]
[EventRounds "9"]
[EventCountry "UAE"]
[SourceTitle "CBM 207 Extra"]
[Source "ChessBase"]
[SourceDate "2022.05.31"]
[SourceVersion "1"]
[SourceVersionDate "2022.05.31"]
[SourceQuality "1"]

1. Nf3 Nf6 2. g3 g6 3. Bg2 Bg7 4. 0-0 0-0 5. d4 d6 6. c4 Nc6 7. Nc3 Bg4 8. d5 Na5 9. Nd2 c5 10. h3 Bd7 11. e4 e5 12. Qe2 a6 13. a4 Nh5 14. Rb1 Qe8 15. b4 cxb4 16. Rxb4 f5 17. Ba3 f4 18. g4 f3 19. Nxf3 Nf4 20. Qe3 Rc8 21. Nd2 Bh6 22. Qg3 Nxg2 23. g5 Bxg5 24. Qxg5 Nf4 25. Kh2 Nxh3 26. Qg3 g5 27. Rb6 Qh5 28. Bxd6 Nf4+ 29. Kg1 Nxc4 30. Nxc4 Rxc4 31. Bxf8 Rxc3 32. Rh6 Rxg3+ 0-1

[Event "Sharjah Blitz op 27th"]
[Site "Sharjah"]
[Date "2022.04.08"]
[Round "5"]
[White "Tharak, Charen SK"]
[Black "Ali, Sebbar"]
[Result "0-1"]
[WhiteElo "1742"]
[BlackElo "2399"]
[PlyCount "64"]
[EventDate "2022.04.08"]
[EventType "swiss (blitz)"]
[EventRounds "9"]
[EventCountry "UAE"]
[SourceTitle "CBM 207 Extra"]
[Source "ChessBase"]
[SourceDate "2022.05.31"]
[SourceVersion "1"]
[SourceVersionDate "2022.05.31"]
[SourceQuality "1"]

1. b3 Nf6 2. Bb2 g6 3. e4 Bg7 4. Nf3 0-0 5. Qe2 c5 6. Nc3 Nc6 7. g3 d6 8. h3 e5 9. Bg2 Nd4 10. Nxd4 cxd4 11. Nd5 Nxd5 12. exd5 Bf5 13. Be4 Bd7 14. g4 Qh4 15. 0-0-0 f5 16. gxf5 gxf5 17. Bd3 e4 18. Bc4 b5 19. Bxb5 d3 20. Bxd3 exd3 21. Qxd3 Bxb2+ 22. Kxb2 Qf6+ 23. c3 Kh8 24. h4 a5 25. h5 a4 26. b4 a3+ 27. Kb1 Rab8 28. Qc2 f4 29. d3 Rfc8 30. c4 Rxb4+ 31. Kc1 Rcb8 32. Rhe1 Ba4 0-1

[Event "Sharjah Rapid op 27th"]
[Site "Sharjah"]
[Date "2022.04.07"]
[Round "6"]
[White "Yakubbaeva, Nilufar"]
[Black "Ali, Sebbar"]
[Result "0-1"]
[WhiteElo "2327"]
[BlackElo "2399"]
[PlyCount "118"]
[EventDate "2022.04.06"]
[EventType "swiss (rapid)"]
[EventRounds "9"]
[EventCountry "UAE"]
[SourceTitle "CBM 207 Extra"]
[Source "ChessBase"]
[SourceDate "2022.05.31"]
[SourceVersion "1"]
[SourceVersionDate "2022.05.31"]
[SourceQuality "1"]

1. d4 d5 2. Nf3 Bf5 3. Bf4 e6 4. e3 Nf6 5. Bd3 Be7 6. 0-0 0-0 7. Ne5 Nbd7 8. c3 c6 9. Qc2 Bxd3 10. Qxd3 Nxe5 11. Bxe5 Qb6 12. Nd2 c5 13. dxc5 Qxc5 14. Rac1 b5 15. Nb3 Qc4 16. Rfd1 Nd7 17. Bg3 Nb6 18. Nd4 a6 19. Qxc4 Nxc4 20. b3 Na3 21. Nc6 Bc5 22. Ne5 Rfc8 23. c4 bxc4 24. bxc4 f6 25. Nd3 Nxc4 26. Nxc5 Rxc5 27. e4 dxe4 28. Rd4 Rac8 29. Rxe4 Nd6 30. Rxc5 Rxc5 31. Re1 Nf5 32. Bf4 e5 33. Bc1 Rc2 34. a3 Ra2 35. h3 Nd4 36. Be3 Rxa3 37. Bxd4 exd4 38. Re8+ Kf7 39. Rd8 d3 40. f3 f5 41. Kf2 f4 42. Rd4 g5 43. Rd7+ Ke6 44. Rd4 Ke5 45. Rd7 h5 46. Ke1 h4 47. Kd2 a5 48. Rg7 Kf6 49. Ra7 a4 50. Ra6+ Ke5 51. Ra5+ Kd4 52. Rxg5 Ra2+ 53. Kd1 a3 54. Rg8 Rf2 55. Rd8+ Kc3 56. Rc8+ Kb2 57. Rb8+ Ka1 58. Rb4 a2 59. Rxf4 Kb1 0-1

[Event "Sharjah Rapid op 27th"]
[Site "Sharjah"]
[Date "2022.04.06"]
[Round "2"]
[White "Margaryan, Mikayel"]
[Black "Ali, Sebbar"]
[Result "0-1"]
[WhiteElo "1403"]
[BlackElo "2399"]
[PlyCount "66"]
[EventDate "2022.04.06"]
[EventType "swiss (rapid)"]
[EventRounds "9"]
[EventCountry "UAE"]
[SourceTitle "CBM 207 Extra"]
[Source "ChessBase"]
[SourceDate "2022.05.31"]
[SourceVersion "1"]
[SourceVersionDate "2022.05.31"]
[SourceQuality "1"]

1. d4 Nf6 2. c4 g6 3. Nc3 Bg7 4. Nf3 0-0 5. e4 d6 6. Be2 e5 7. dxe5 dxe5 8. Qxd8 Rxd8 9. Bg5 Nbd7 10. Rd1 Rf8 11. 0-0 Nc5 12. Bxf6 Bxf6 13. Nd5 Bd8 14. Nxe5 Nxe4 15. Rfe1 c6 16. Ne3 Ba5 17. Rf1 Be6 18. a3 Nd2 19. Rfe1 Nb3 20. Rf1 Bc7 21. Nf3 h6 22. Nd4 Nxd4 23. Rxd4 a5 24. b3 Bb6 25. Rd3 Bc5 26. a4 f5 27. Rfd1 f4 28. Ng4 h5 29. Ne5 Bf5 30. R3d2 Bb4 31. Ra2 Rfe8 32. Nd3 Rad8 33. Nxb4 Rxd1+ 0-1

[Event "Online Olym Div2 D"]
[Site "Chess.com INT"]
[Date "2021.09.04"]
[Round "9.1"]
[White "Ali, Sebbar"]
[Black "Diaz Rosas, Julio Cesar"]
[Result "0-1"]
[WhiteElo "2399"]
[BlackElo "2393"]
[PlyCount "128"]
[EventDate "2021.09.02"]
[EventType "team (rapid)"]
[EventRounds "9"]
[EventCountry "USA"]
[SourceTitle "CBM 204 Extra"]
[Source "ChessBase"]
[SourceDate "2021.11.30"]
[SourceVersion "1"]
[SourceVersionDate "2021.11.30"]
[SourceQuality "1"]
[WhiteTeam "Morocco"]
[BlackTeam "Mexico"]
[WhiteTeamCountry "MAR"]
[BlackTeamCountry "MEX"]

1. d4 Nf6 2. Nf3 g6 3. Bg5 Bg7 4. Nbd2 c5 5. e3 0-0 6. c3 b6 7. Bd3 Bb7 8. 0-0 d6 9. Qe2 Nbd7 10. a4 a6 11. Rfe1 Ra7 12. e4 e5 13. Nc4 Qc7 14. d5 Raa8 15. Na3 h6 16. Bh4 Nh5 17. Bg3 Kh7 18. Nd2 Nf4 19. Qe3 Nxd3 20. Qxd3 Rae8 21. Nac4 Nf6 22. b4 Nh5 23. bxc5 bxc5 24. Rab1 f5 25. f3 Bc8 26. Rb6 Rf6 27. Reb1 Qe7 28. exf5 gxf5 29. Bh4 Nf4 30. Qf1 Rd8 31. Ne3 Nh3+ 32. Kh1 Ng5 33. f4 exf4 34. Qxf4 Kg6 35. Nf3 Qe4 36. Bxg5 hxg5 37. Qxg5+ Kf7 38. Rb7+ Rd7 39. Rxd7+ Bxd7 40. Rb7 Qe7 41. Nh4 Bh6 42. Qh5+ Kf8 43. Nhxf5 Qe4 44. Rxd7 Qb1+ 45. Nd1 Qxf5 46. Qxf5 Rxf5 47. Kg1 Rxd5 48. Nb2 Rf5 49. g3 Be3+ 50. Kg2 Rf2+ 51. Kh3 Rxb2 52. Rxd6 a5 53. Ra6 Bg1 54. Rxa5 Rxh2+ 55. Kg4 Rc2 56. Kf5 Rxc3 57. g4 c4 58. Ra8+ Ke7 59. Rc8 Kd7 60. Rb8 Rb3 61. Rh8 c3 62. Rh7+ Kd6 63. Rh6+ Kd5 64. Rh1 Rb1 0-1

[Event "Online Olym Div2 D"]
[Site "Chess.com INT"]
[Date "2021.09.03"]
[Round "4.1"]
[White "Achour, Mohamed Anis"]
[Black "Ali, Sebbar"]
[Result "1/2-1/2"]
[WhiteElo "2006"]
[BlackElo "2399"]
[PlyCount "119"]
[EventDate "2021.09.02"]
[EventType "team (rapid)"]
[EventRounds "9"]
[EventCountry "USA"]
[SourceTitle "CBM 204 Extra"]
[Source "ChessBase"]
[SourceDate "2021.11.30"]
[SourceVersion "1"]
[SourceVersionDate "2021.11.30"]
[SourceQuality "1"]
[WhiteTeam "Algeria"]
[BlackTeam "Morocco"]
[WhiteTeamCountry "ALG"]
[BlackTeamCountry "MAR"]

1. d4 Nf6 2. Bf4 g6 3. Nf3 Bg7 4. e3 0-0 5. h3 d6 6. Be2 b6 7. a4 a6 8. 0-0 Bb7 9. Bh2 Nbd7 10. c3 Re8 11. Nbd2 Ne4 12. Nxe4 Bxe4 13. Qb3 e6 14. Rfd1 Bb7 15. a5 Qe7 16. axb6 cxb6 17. Qa3 Bf8 18. c4 Rec8 19. b4 a5 20. Qb3 axb4 21. Qxb4 d5 22. c5 Bc6 23. Bd6 bxc5 24. dxc5 Qf6 25. Nd4 Bxd6 26. cxd6 Rab8 27. Qd2 Ba8 28. Ra7 Nc5 29. Qa5 Ne4 30. Bf3 Nxd6 31. Ra1 Nc4 32. Qa6 Ne5 33. Be2 Nc4 34. Nb5 Bc6 35. Nd4 Be8 36. Rb7 Nd2 37. Rxb8 Rxb8 38. Qa7 Rd8 39. Qc7 Ne4 40. Bf3 e5 41. Ne2 Ng5 42. Ng3 Nxf3+ 43. gxf3 e4 44. Ra6 Qh4 45. fxe4 dxe4 46. Rd6 Rxd6 47. Qxd6 Qxh3 48. Qe7 Qd7 49. Qxe4 Qc8 50. Qf4 Qc1+ 51. Kh2 Bc6 52. Qb8+ Kg7 53. Qe5+ Kf8 54. Qb8+ Ke7 55. Qc7+ Ke6 56. Qc8+ Kd6 57. Qf8+ Ke6 58. Qc8+ Kd6 59. Qf8+ Ke6 60. Qc8+ 1/2-1/2

[Event "Sharjah Ramadan op rapid"]
[Site "Sharjah"]
[Date "2019.05.14"]
[Round "4"]
[White "Guseinov, Gadir"]
[Black "Ali, Sebbar"]
[Result "1-0"]
[WhiteElo "2654"]
[BlackElo "2404"]
[PlyCount "103"]
[EventDate "2019.05.13"]
[EventType "swiss (rapid)"]
[EventRounds "9"]
[EventCountry "UAE"]
[SourceTitle "CBM 190 Extra"]
[Source "ChessBase"]
[SourceDate "2019.07.15"]
[SourceVersion "1"]
[SourceVersionDate "2019.07.15"]
[SourceQuality "1"]

1. e4 c5 2. Nc3 Nc6 3. Bb5 Nd4 4. Nf3 Nxb5 5. Nxb5 d5 6. exd5 Nf6 7. c4 a6 8. Nc3 e6 9. dxe6 Bxe6 10. d3 Be7 11. 0-0 0-0 12. Re1 Re8 13. Bg5 Bf5 14. Bxf6 Bxf6 15. Rxe8+ Qxe8 16. Nd5 Qc6 17. Qe2 Re8 18. Qd2 g6 19. Re1 Rxe1+ 20. Qxe1 Kg7 21. Nxf6 Qxf6 22. Qd2 Qd6 23. d4 Be6 24. b3 b5 25. d5 Bf5 26. Qe3 Qf6 27. Ne5 Bb1 28. a4 b4 29. f4 Qf5 30. d6 Qc2 31. d7 Qd1+ 32. Kf2 Bf5 33. Nxf7 Bxd7 34. Ng5 Qc2+ 35. Qe2 Bf5 36. Ne6+ Kf6 37. Qxc2 Bxc2 38. Nxc5 a5 39. Ke3 h5 40. Kd2 Bf5 41. Nb7 Be4 42. Nxa5 Bxg2 43. Ke3 Ke6 44. Kd4 Kf5 45. c5 Kxf4 46. c6 h4 47. c7 Bh3 48. Nc4 Be6 49. a5 Bc8 50. Nd6 g5 51. Nxc8 g4 52. Ne7 1-0

[Event "Sharjah op rapid"]
[Site "Sharjah"]
[Date "2016.06.12"]
[Round "6"]
[White "Mista, Aleksander"]
[Black "Ali, Sebbar"]
[Result "1-0"]
[WhiteElo "2593"]
[BlackElo "2393"]
[PlyCount "117"]
[EventDate "2016.06.12"]
[EventType "swiss (rapid)"]
[EventRounds "9"]
[EventCountry "UAE"]
[SourceTitle "CBM 173 Extra"]
[Source "ChessBase"]
[SourceDate "2016.08.29"]
[SourceVersion "1"]
[SourceVersionDate "2016.08.29"]
[SourceQuality "1"]

1. e4 c5 2. Nf3 Nc6 3. d4 cxd4 4. Nxd4 g6 5. Nc3 Bg7 6. Be3 Nf6 7. Bc4 0-0 8. Bb3 Qa5 9. 0-0 d6 10. h3 Bd7 11. Re1 Qh5 12. Qd3 Ne5 13. Qf1 Rfc8 14. f4 Nc6 15. Rad1 Na5 16. g4 Bxg4 17. hxg4 Nxg4 18. Rd2 Nxb3 19. axb3 e5 20. Ndb5 Nxe3 21. Rxe3 exf4 22. Red3 Rc5 23. Nxd6 Rg5+ 24. Rg2 Be5 25. Rxg5 Qxg5+ 26. Qg2 Qh4 27. Nc4 Bg7 28. Qf2 Qg4+ 29. Kf1 Re8 30. Nd6 Rd8 31. Ne2 f3 32. Ng1 Qf4 33. Qxf3 Qc1+ 34. Kg2 Qxc2+ 35. Ne2 Qc7 36. Nb5 Rxd3 37. Qxd3 Qb6 38. Nd6 Bxb2 39. Qd5 Qc7 40. Nxb7 Ba3 41. Nd8 Bf8 42. e5 Qe7 43. e6 f5 44. Nc6 Qg5+ 45. Kf1 Kg7 46. Qd7+ Kh6 47. e7 Bxe7 48. Qxe7 Qg4 49. Qe3+ Kg7 50. Qd4+ Qxd4 51. Nexd4 a6 52. Nb4 Kf6 53. Nxa6 Ke5 54. Nc2 h5 55. b4 h4 56. b5 Kd6 57. Nd4 Kd7 58. b6 Kc8 59. Nc5 1-0

[Event "Rabat Blitz Marathon 6th"]
[Site "Rabat"]
[Date "2015.05.16"]
[Round "3"]
[White "Mamedyarov, Shakhriyar"]
[Black "Ali, Sebbar"]
[Result "1-0"]
[WhiteElo "2735"]
[BlackElo "2393"]
[PlyCount "43"]
[EventDate "2015.05.16"]
[EventType "swiss (blitz)"]
[EventRounds "21"]
[EventCountry "MAR"]
[SourceTitle "CBM 166 Extra"]
[Source "ChessBase"]
[SourceDate "2015.06.18"]
[SourceVersion "1"]
[SourceVersionDate "2015.06.18"]
[SourceQuality "1"]

1. d4 Nf6 2. c4 e6 3. Nc3 d5 4. Nf3 c5 5. cxd5 Nxd5 6. e4 Nxc3 7. bxc3 cxd4 8. cxd4 Bb4+ 9. Bd2 Bxd2+ 10. Qxd2 0-0 11. Rd1 b6 12. Bd3 Bb7 13. 0-0 Nd7 14. Qf4 Rc8 15. e5 h6 16. Rfe1 Qe7 17. Re3 Rfd8 18. h4 Nf8 19. Nh2 Kh8 20. Rg3 Rc7 21. Rg4 f5 22. exf6 1-0

[Event "Olympiad-41"]
[Site "Tromsoe"]
[Date "2014.08.09"]
[Round "7.1"]
[White "Solomon, Kenny"]
[Black "Ali, Sebbar"]
[Result "0-1"]
[WhiteElo "2378"]
[BlackElo "2387"]
[PlyCount "128"]
[EventDate "2014.08.02"]
[EventType "team-swiss"]
[EventRounds "11"]
[EventCountry "NOR"]
[SourceTitle "CBM 162"]
[Source "ChessBase"]
[SourceDate "2014.09.17"]
[SourceVersion "1"]
[SourceVersionDate "2014.09.17"]
[SourceQuality "1"]
[WhiteTeam "South Africa"]
[BlackTeam "Morocco"]
[WhiteTeamCountry "RSA"]
[BlackTeamCountry "MAR"]

1. Nf3 Nf6 2. c4 e6 3. d4 d5 4. Nc3 c5 5. cxd5 Nxd5 6. e3 Nc6 7. Bc4 Nxc3 8. bxc3 Be7 9. 0-0 0-0 10. e4 b6 11. Be3 cxd4 12. cxd4 Bb7 13. Qe2 Rc8 14. Rfd1 Qc7 15. Rac1 Ba3 16. Rc3 Na5 17. Rxa3 Qxc4 18. Qxc4 Nxc4 19. Rxa7 Bxe4 20. Nd2 Nxe3 21. fxe3 Bd5 22. e4 Ba8 23. Re1 h6 24. Nf3 Rc4 25. Kf2 b5 26. Re3 Rfc8 27. a3 Ra4 28. Rxa4 bxa4 29. Ne1 Rc4 30. Nf3 g5 31. h3 Kg7 32. g4 Rc2+ 33. Ke1 Bb7 34. Nd2 Rc1+ 35. Kf2 Ba6 36. d5 exd5 37. exd5 Rd1 38. Ne4 Rxd5 39. Ng3 Rd2+ 40. Ke1 Rd3 41. Rxd3 Bxd3 42. Kd2 Bb5 43. Nf5+ Kg6 44. Ke1 Bd7 45. Ne7+ Kf6 46. Ng8+ Kg7 47. Ne7 f5 48. gxf5 Kf7 49. Nd5 Bxf5 50. Nb6 Bc2 51. Kd2 Bb3 52. Nd7 Ke6 53. Nc5+ Kd5 54. Nd7 Kd4 55. Nb6 h5 56. Nd7 h4 57. Ke2 Be6 58. Nb6 Bxh3 59. Nxa4 Bd7 60. Nb2 g4 61. Kf2 Bc6 62. Nd1 g3+ 63. Ke2 h3 64. Ne3 Ke4 0-1

[Event "Olympiad-41"]
[Site "Tromsoe"]
[Date "2014.08.08"]
[Round "6.1"]
[White "Ali, Sebbar"]
[Black "Salih, Akar Ali Salih"]
[Result "1-0"]
[WhiteElo "2387"]
[BlackElo "2315"]
[PlyCount "55"]
[EventDate "2014.08.02"]
[EventType "team-swiss"]
[EventRounds "11"]
[EventCountry "NOR"]
[SourceTitle "CBM 162"]
[Source "ChessBase"]
[SourceDate "2014.09.17"]
[SourceVersion "1"]
[SourceVersionDate "2014.09.17"]
[SourceQuality "1"]
[WhiteTeam "Morocco"]
[BlackTeam "Iraq"]
[WhiteTeamCountry "MAR"]
[BlackTeamCountry "IRQ"]

1. d4 d5 2. c4 c6 3. Nf3 Nf6 4. g3 dxc4 5. Bg2 b5 6. 0-0 Bb7 7. Ne5 e6 8. a4 a6 9. Nc3 Nd5 10. Ne4 Nd7 11. Nxf7 Kxf7 12. Ng5+ Ke7 13. e4 Nc7 14. Bf4 h6 15. Bd6+ Kxd6 16. Nf7+ Ke7 17. Nxd8 Rxd8 18. Qh5 Nf6 19. Qg6 Kd7 20. d5 cxd5 21. axb5 axb5 22. exd5 exd5 23. b3 c3 24. b4 Kc8 25. Qf5+ Kb8 26. Qe5 d4 27. Bxb7 Kxb7 28. Ra7+ 1-0

[Event "Olympiad-41"]
[Site "Tromsoe"]
[Date "2014.08.03"]
[Round "2.1"]
[White "Ali, Sebbar"]
[Black "Navara, David"]
[Result "0-1"]
[WhiteElo "2387"]
[BlackElo "2716"]
[PlyCount "56"]
[EventDate "2014.08.02"]
[EventType "team-swiss"]
[EventRounds "11"]
[EventCountry "NOR"]
[SourceTitle "CBM 162"]
[Source "ChessBase"]
[SourceDate "2014.09.17"]
[SourceVersion "1"]
[SourceVersionDate "2014.09.17"]
[SourceQuality "1"]
[WhiteTeam "Morocco"]
[BlackTeam "Czech Republic"]
[WhiteTeamCountry "MAR"]
[BlackTeamCountry "CZE"]

1. e4 c5 2. Nf3 e6 3. b3 b6 4. c4 Bb7 5. Nc3 Nf6 6. e5 Ne4 7. Bb2 Be7 8. Be2 Nxc3 9. Bxc3 Nc6 10. 0-0 d6 11. exd6 Qxd6 12. d4 Bf6 13. Rc1 cxd4 14. Ba1 0-0 15. Ne1 Rad8 16. Bf3 Be5 17. Nd3 Bxh2+ 18. Kh1 Bf4 19. c5 bxc5 20. Nxf4 Qxf4 21. Rxc5 Ne5 22. Bxb7 Qh4+ 23. Kg1 Ng4 24. Re1 Qxf2+ 25. Kh1 Qh4+ 26. Kg1 d3 27. Be5 Qf2+ 28. Kh1 d2 0-1

[Event "Rabat Blitz Marathon 5th"]
[Site "Rabat"]
[Date "2014.06.07"]
[Round "15"]
[White "Ali, Sebbar"]
[Black "Hansen, Eric"]
[Result "1-0"]
[WhiteElo "2376"]
[BlackElo "2584"]
[PlyCount "97"]
[EventDate "2014.06.07"]
[EventType "swiss (blitz)"]
[EventRounds "21"]
[EventCountry "MAR"]
[SourceTitle "CBM 160 Extra"]
[Source "ChessBase"]
[SourceDate "2014.07.01"]
[SourceVersion "1"]
[SourceVersionDate "2014.07.01"]
[SourceQuality "1"]

1. d4 Nf6 2. Bf4 g6 3. e3 Bg7 4. h3 d6 5. Nf3 0-0 6. Be2 Nbd7 7. 0-0 Qe8 8. c4 e5 9. Bh2 e4 10. Nfd2 Qe7 11. Nc3 Re8 12. Nb5 Qd8 13. c5 a6 14. cxd6 axb5 15. dxc7 Qe7 16. Bxb5 Nd5 17. Qc2 Qb4 18. a4 Qe7 19. Nc4 Qe6 20. Nd6 Re7 21. Rfc1 N7f6 22. Qb3 Rxc7 23. Rxc7 Nxc7 24. Bc4 Ncd5 25. Nb5 Qd7 26. Rc1 Qd8 27. Nc3 Be6 28. Qxb7 Bf8 29. Qb3 Nxc3 30. Rxc3 Nd5 31. Rc1 Qa5 32. Ra1 Rc8 33. Qb5 Qd2 34. Bg3 Nxe3 35. Bxe6 Rc1+ 36. Kh2 Nf1+ 37. Qxf1 Rxf1 38. Rxf1 fxe6 39. Ra1 Bb4 40. Be5 Qxb2 41. Rf1 Bc3 42. a5 Bxa5 43. Rd1 Qxf2 44. Rc1 Bd2 45. Rc8+ Kf7 46. Rc6 Ke8 47. Rc8+ Kf7 48. Rc7+ Kg8 49. Rc8+ 1-0

[Event "Rabat Blitz Marathon 5th"]
[Site "Rabat"]
[Date "2014.06.07"]
[Round "6"]
[White "Bauer, Christian"]
[Black "Ali, Sebbar"]
[Result "0-1"]
[WhiteElo "2630"]
[BlackElo "2376"]
[PlyCount "134"]
[EventDate "2014.06.07"]
[EventType "swiss (blitz)"]
[EventRounds "21"]
[EventCountry "MAR"]
[SourceTitle "CBM 160 Extra"]
[Source "ChessBase"]
[SourceDate "2014.07.01"]
[SourceVersion "1"]
[SourceVersionDate "2014.07.01"]
[SourceQuality "1"]

1. g3 d5 2. Nf3 Nf6 3. c4 d4 4. Bg2 c5 5. b4 cxb4 6. a3 b3 7. d3 Nc6 8. Nbd2 g6 9. Nxb3 Bg7 10. Bb2 e5 11. 0-0 0-0 12. a4 Re8 13. Nfd2 a5 14. Ba3 Bf8 15. Bxf8 Kxf8 16. Rb1 Kg7 17. Nc5 Qc7 18. Ndb3 Rb8 19. e3 Nb4 20. exd4 exd4 21. Qd2 Bf5 22. Ne4 Bxe4 23. dxe4 d3 24. Qc3 b6 25. f4 Qe7 26. c5 Rec8 27. e5 Ng4 28. e6+ f6 29. f5 Ne3 30. g4 Nxf1 31. Rxf1 bxc5 32. g5 Rf8 33. fxg6 hxg6 34. Bh3 Rbd8 35. Nxc5 Nd5 36. Qd4 Qa7 37. e7 Qxe7 38. Ne6+ Kg8 39. Nxd8 Rxd8 40. gxf6 Qe3+ 41. Qxe3 Nxe3 42. Be6+ Kf8 43. Rf3 d2 44. Bb3 Rd3 45. Bc2 d1Q+ 46. Bxd1 Rxd1+ 47. Kf2 Rd4 48. Kxe3 Rxa4 49. Rf2 Kf7 50. Kd3 Rb4 51. Kc3 g5 52. Rg2 g4 53. h3 gxh3 54. Rh2 Rh4 55. Kb3 Kxf6 56. Ka3 Kf5 57. Rf2+ Kg5 58. Re2 Kf4 59. Rf2+ Kg3 60. Rc2 h2 61. Rc3+ Kf2 62. Rc2+ Ke3 63. Rc3+ Kd4 64. Rc1 h1Q 65. Rc2 Qa1+ 66. Ra2 Rh3+ 67. Ka4 Qxa2+ 0-1

[Event "Arab Clubs-chT"]
[Site "Marrakesh"]
[Date "2014.05.26"]
[Round "3"]
[White "Ali, Sebbar"]
[Black "Sarwat, Walaa"]
[Result "1-0"]
[WhiteElo "2376"]
[BlackElo "2310"]
[PlyCount "77"]
[EventDate "2014.05.24"]
[EventType "team-swiss"]
[EventRounds "9"]
[EventCountry "MAR"]
[SourceTitle "EXT 2018"]
[Source "ChessBase"]
[SourceDate "2017.10.13"]
[SourceVersion "1"]
[SourceVersionDate "2017.10.13"]
[SourceQuality "1"]
[WhiteTeam "Raja"]
[BlackTeam "Club Houar"]
[WhiteTeamCountry "MAR"]
[BlackTeamCountry "EGY"]

1. d4 d5 2. Bf4 Nf6 3. e3 g6 4. h3 Bg7 5. Nf3 0-0 6. Be2 c5 7. c3 Nc6 8. Nbd2 Ne4 9. 0-0 Qb6 10. Qb3 Nxd2 11. Nxd2 e5 12. dxe5 d4 13. Qxb6 axb6 14. Nc4 dxc3 15. bxc3 Be6 16. Nxb6 Ra3 17. Bc4 Bxe5 18. Bxe6 Bxf4 19. Bb3 Bh6 20. Nd7 c4 21. Bxc4 Rd8 22. Nb6 Na5 23. Bd5 Rxc3 24. Rfd1 Kf8 25. Be4 Re8 26. Bf3 Re6 27. Rab1 Ra3 28. Bd5 Rd6 29. e4 Bf4 30. g3 Be5 31. Kg2 Kg7 32. f4 Bc3 33. e5 Rd8 34. Rbc1 h5 35. Rd3 Rxa2+ 36. Kf3 Bb4 37. Rc7 Nc6 38. Rxf7+ Kh8 39. Nd7 1-0

[Event "Nouakchott zt 4.1"]
[Site "Nouakchott"]
[Date "2013.03.30"]
[Round "3"]
[White "Ali, Sebbar"]
[Black "Haddouche, Mohamed Amine"]
[Result "0-1"]
[WhiteElo "2341"]
[BlackElo "2464"]
[PlyCount "60"]
[EventDate "2013.03.29"]
[EventType "swiss"]
[EventRounds "9"]
[EventCountry "MAU"]
[SourceTitle "EXT 2015"]
[Source "ChessBase"]
[SourceDate "2014.11.20"]
[SourceVersion "1"]
[SourceVersionDate "2014.11.20"]
[SourceQuality "1"]

1. e4 e5 2. Nf3 Nc6 3. d4 exd4 4. Nxd4 Bc5 5. Nb3 Bb6 6. Nc3 Nf6 7. Qe2 d6 8. Bg5 h6 9. Bh4 0-0 10. 0-0-0 Re8 11. f3 Be6 12. g4 a5 13. Na4 Ba7 14. Qg2 Nb4 15. Kb1 Bd7 16. Nc3 a4 17. Nd4 a3 18. b3 Nxe4 19. Nxe4 Qxh4 20. g5 hxg5 21. Nb5 d5 22. Nxc7 dxe4 23. Nxe8 Bxe8 24. Bc4 Bc6 25. Qd2 Bc5 26. Qc3 b6 27. fxe4 Bxe4 28. Rhf1 Bxc2+ 29. Ka1 Bxd1 30. Rxf7 Bd4 0-1

[Event "Nouakchott zt 4.1"]
[Site "Nouakchott"]
[Date "2013.03.29"]
[Round "1"]
[White "Sabar, Ethmane Daouda"]
[Black "Ali, Sebbar"]
[Result "0-1"]
[WhiteElo "1987"]
[BlackElo "2341"]
[PlyCount "90"]
[EventDate "2013.03.29"]
[EventType "swiss"]
[EventRounds "9"]
[EventCountry "MAU"]
[SourceTitle "EXT 2015"]
[Source "ChessBase"]
[SourceDate "2014.11.20"]
[SourceVersion "1"]
[SourceVersionDate "2014.11.20"]
[SourceQuality "1"]

1. d4 Nf6 2. Nf3 g6 3. c4 Bg7 4. g3 0-0 5. Bg2 d6 6. 0-0 Nc6 7. Nc3 a6 8. e4 Bg4 9. Be3 Nd7 10. Qd2 Bxf3 11. Bxf3 e5 12. dxe5 dxe5 13. Ne2 Qe7 14. Rad1 Nc5 15. Qd5 Ne6 16. c5 Rfd8 17. Qc4 Ned4 18. Nxd4 exd4 19. Bf4 g5 20. Bd2 Ne5 21. Qb3 Qxc5 22. Bg2 h6 23. Rc1 Qb6 24. Qxb6 cxb6 25. Rc7 Nd3 26. Bh3 Nxb2 27. Rb1 d3 28. f4 gxf4 29. gxf4 b5 30. e5 Nc4 31. Rd1 b6 32. Kf2 Rd4 33. Kf3 Rad8 34. Bf5 h5 35. e6 Nxd2+ 36. Rxd2 fxe6 37. Bxe6+ Kh8 38. Bf5 Rf8 39. Be4 Re8 40. Bxd3 Rf8 41. f5 Rfd8 42. Ke2 Rh4 43. Kd1 Be5 44. Re7 Bf4 45. Re4 Bxd2 0-1

[Event "Gibraltar Masters 10th"]
[Site "Caleta"]
[Date "2012.02.02"]
[Round "10"]
[White "Ali, Sebbar"]
[Black "Walton, Alan J"]
[Result "1-0"]
[WhiteElo "2292"]
[BlackElo "2161"]
[PlyCount "99"]
[EventDate "2012.01.24"]
[EventType "swiss"]
[EventRounds "10"]
[EventCountry "GGB"]
[SourceTitle "CBM 147"]
[Source "ChessBase"]
[SourceDate "2012.03.16"]
[SourceVersion "1"]
[SourceVersionDate "2012.03.16"]
[SourceQuality "1"]

1. e4 e6 2. d4 d5 3. Nd2 a6 4. Ngf3 Nf6 5. e5 Nfd7 6. Bd3 c5 7. c3 Nc6 8. 0-0 g5 9. dxc5 Bxc5 10. Nb3 Be7 11. Re1 g4 12. Nfd4 Ndxe5 13. Nxc6 Nxc6 14. Qxg4 e5 15. Bf5 Bxf5 16. Qxf5 Qd7 17. Qh5 0-0-0 18. Be3 Rhg8 19. Rad1 f5 20. Bc5 Rg5 21. Qxh7 Rdg8 22. g3 R8g7 23. Qh3 Bd8 24. Qg2 e4 25. f4 Rg4 26. c4 Bh4 27. Bf2 Nb4 28. Nc5 Qe7 29. cxd5 Bxg3 30. hxg3 Rxg3 31. Bxg3 Qxc5+ 32. Kh1 Nd3 33. Rxd3 exd3 34. Bf2 Rh7+ 35. Kg1 Qf8 36. Kf1 Qh8 37. Rd1 Rh2 38. Qg3 Rh3 39. Qg2 Rh2 40. Qg3 Rh3 41. Qg6 Rh1+ 42. Bg1 Qh3+ 43. Qg2 Qe3 44. Qf2 Qe4 45. Re1 Qxd5 46. Qg2 Qc4 47. Qd2 Qd5 48. Qc3+ Kd7 49. Qg7+ Kc6 50. Qf6+ 1-0